00895nam a2200217 a 4500001001000000003000500010005001700015008004100032010001100073011001100084040000900095100003800104245017200142260004100314500006000355502007700415650003500492650004200527650003800569856007000607000115207CHAP20220329144523.0181203s2018 mx a sm |||||||spa d a111668 a112640 cCHAP1 aSánchez López, Marco Antonio.10aEfecto de los aminoácidos en la producción de jitomate ( Lycopersicum esculentum Mill.) en Chapingo, México /h[En línea]cpor Marco Antonio Sánchez López. aChapingo, Méx. :bEl autor,c2018. aPara ver el contenido del material haga clic en la liga aTesis (Ing. Agr. Esp. en Fitotecnia) -- UACH. Departamento de Fitotecnia14aAminoácidosxValor nutritivo14aCultivos en invernaderoxRendimiento.14aPlantasxDeficiencias nutritivas. aFinding aiduhttp://10.13.5.2/tesis/sist115207.pdfzTeclea aquí